| 000 | 00410nam a2200169 a 4500 | ||
|---|---|---|---|
| 001 | 6258 | ||
| 003 | CO-ViMGA | ||
| 008 | 141112s2004 ck r 000 u spa d | ||
| 040 |
_aCO-ViMGA _bspa _cCO-ViMGA |
||
| 082 | 0 | 4 | _a843.914 C177m |
| 100 | 1 |
_aCars, Guy Des _94940 |
|
| 245 | 1 | 0 | _aLa maldita |
| 260 |
_aBuenos Aires : _bEmece, _c1993 |
||
| 300 | _a267 p | ||
| 650 | 1 | 4 |
_aNOVELA FRANCESA _92629 |
| 942 |
_2ddc _cBK |
||
| 999 |
_c18230 _d18230 |
||